| 000 | 004290000a22001690004500 | ||
|---|---|---|---|
| 003 | MACL | ||
| 005 | 20151231132103.0 | ||
| 008 | 151231b xxu||||| |||| 00| 0 eng d | ||
| 040 |
_aMACL _cMACL |
||
| 041 | _aEnglish | ||
| 082 | _a370/KIN | ||
| 100 |
_aKing, Irving _925636 |
||
| 245 | _aSocial Aspects of Education | ||
| 260 |
_bThe Macmillan Company _c1914 _aNew York |
||
| 650 |
_aEducation _925637 |
||
| 942 |
_cBK _k370/KIN _2ddc |
||
| 999 |
_c37422 _d37422 |
||